Monstercat 2014 Artists - Statistics

General Stats
  • This quiz has been taken 21 times
  • The average score is 39 of 54
Answer Stats
Answer % Correct
Astronaut
90%
Au5
90%
Fractal
90%
Insan3Lik3
90%
nanobii
90%
Pegboard Nerds
90%
Tristam
90%
Aero Chord
80%
Braken
80%
Bustre
80%
Direct
80%
DotEXE
80%
Feint
80%
F.O.O.L
80%
Grabbitz
80%
Grant Bowtie
80%
Haywyre
80%
Hellberg
80%
Lets Be Friends
80%
Noisestorm
80%
Razihel
80%
Rogue
80%
SCNDL
80%
Stonebank
80%
7 Minutes Dead
70%
Case & Point
70%
Droptek
70%
Favright
70%
Going Quantum
70%
Laszlo
70%
LVTHER
70%
Mr FijiWiji
70%
Muzzy
70%
Nitro Fun
70%
Rameses B
70%
Rezonate
70%
Rootkit
70%
Stephen Walking
70%
Trivecta
70%
Tut Tut Child
70%
TwoThirds
70%
Varien
70%
WRLD
70%
Chris Ramos
60%
Eminence
60%
PIXL
60%
Puppet
60%
Soulero
60%
Televisor
60%
Draper
50%
Kasbo
50%
Rich Edwards
50%
Vicetone
50%
Falcon Funk
40%
No matching quizzes found
Score Distribution
Percent of People with Each Score
Percentile by Number Answered
Your Score History
You have not taken this quiz